000 00704nam a22002417a 4500
003 UA-OsUOA
001 46795
007 ta
008 20070705b un ||||| |||| 00| 0 ukr d
100 _aХоменко Е. Г.
090 _a811.111(075.8)
_bХ76
942 _cBK
040 _aUA-OsUOA
_bukr
_cUA-OsUOA
_dUA-OsUOA
245 _aГраматика англійської мови
300 _a966-311-057-0 с.
955 _a2
041 _aukr
080 _a811.111(075.8)
020 _a966-311-057-0
260 _aК.
_bЗнання-Прес
_c2007
650 7 _a8 Мовознавство. Художня література. Літературознавство
_2UDC
999 _c332906
_d332906